01262nam a2200205 a 450000100060000000300090000600800410001502000150005604000280007108200180009910000310011724500380014825000060018626000360019230000110022850507030023965000400094265000380098265000360102016064CO-ViMGA141112s2004 ck r 000 u spa d a9584101013 aCO-ViMGAbspacCO-ViMGA04a330.986 A715e1 aArango Londoño, Gilberto10aEstructura Económica Colombiana a9 aBogotá, cMcGraw Hill, c2000 a516.p. aConceptos básicos Aspectos de la situación demográfica Colombiana La estructura agraria La producción agropecuaria El cafe Recursos naturales : Sector energetico Recursos naturales : Sector minero El sector manufacturero Sector de servicios : comercio, transportes y comunicaciones El comercio exterior y el regimen cambiario El arancel aduanero Deuda externa Las inversiones extranjeras en Colombia La integración económica El ahorro Nacional El sector financiero El Banco de la República El presupuesto Nacional Inflación, salarios y control de precios Economía informal y subterranea El sector de la construcción El problema educaciónal La salud La planeación económica14aCOLOMBIA - ASPECTOS SOCIOECONOMICOS14aCOLOMBIA - CONDICIONES ECONOMICAS14aCOLOMBIA - Política ECONOMICA